| 000 | 00387cam a2200169 4500 | ||
|---|---|---|---|
| 001 | D11894 | ||
| 008 | 090401t1913 xxu||||| |||| 00| 0 eng d | ||
| 035 | _a(Sirsi) u45 | ||
| 041 | _aeng | ||
| 100 | _aAdams, H. | ||
| 245 | _aPractical surveying & elementary geodesy | ||
| 260 |
_aLondon _bMacMillan _c1913 |
||
| 350 | _a0 | ||
| 520 | _aShelf 176 | ||
| 942 | _n0 | ||
| 948 | _c04/03/1997 | ||
| 999 |
_c85480 _d85480 |
||